Introducing bills of quantities (operational format) (Record no. 98142)

MARC details
000 -LEADER
fixed length control field 00511cam a2200205 4500
001 - CONTROL NUMBER
control field D8754
008 - FIXED-LENGTH DATA ELEMENTS--GENERAL INFORMATION
fixed length control field 090401t1968 xxu||||| |||| 00| 0 eng d
035 ## - SYSTEM CONTROL NUMBER
System control number (Sirsi) u94714
041 ## - LANGUAGE CODE
Language code of text/sound track or separate title eng
050 ## - LIBRARY OF CONGRESS CALL NUMBER
Classification number 692.5
100 ## - MAIN ENTRY--PERSONAL NAME
Personal name Skoyles, E.R.
245 ## - TITLE STATEMENT
Title Introducing bills of quantities (operational format)
260 ## - PUBLICATION, DISTRIBUTION, ETC.
Place of publication, distribution, etc. Watford
Name of publisher, distributor, etc. BRS
Date of publication, distribution, etc. 1968
300 ## - PHYSICAL DESCRIPTION
Extent 12p. 30cm
350 ## - PRICE (NR) (BK AM CF MU VM SE) [OBSOLETE]
Price 0
490 ## - SERIES STATEMENT
Series statement BRS Current Paper
Volume/sequential designation 62/68
520 ## - SUMMARY, ETC.
Summary, etc. Shelved with BRS current papers
942 ## - ADDED ENTRY ELEMENTS (KOHA)
Suppress in OPAC 0
948 ## - LOCAL PROCESSING INFORMATION (OCLC); SERIES PART DESIGNATOR (RLIN)
c (OCLC) 04/03/1997
Holdings
Withdrawn status Lost status Source of classification or shelving scheme Damaged status Not for loan Home library Current library Shelving location Date acquired Total Checkouts Full call number Barcode Date last seen Copy number Price effective from Koha item type
    Other/Generic Classification Scheme     London London Boxed set 29/08/2002   BOXED SET 94714-1001 06/08/2019 1 06/08/2019 Book